Dark Souls 2 - General Knowledge - Statistics

General Stats
  • This quiz has been taken 15 times
  • The average score is 42 of 85
Answer Stats
Question Answer % Correct
What is the name of the Fire Keeper in the main hub of the game? (Title also works) Shanalotte / Emerald Herald
100%
What is the main hub of the game called? Majula
90%
What is the title that the player-character is given by the above? Bearer of the Curse
80%
What item allows you to regain your humanity, as well as restore your full health bar and allow summoning? Human Effigy
80%
Who is the Scholar of the First Sin? Aldia
70%
What is name of the boss at the end of the Shrine of Amana? Demon of Song
70%
How many bosses are in the very last area of the game? Four
70%
What is the Duke's Giant Spider's name? Freja
70%
What happened to the King? He went hollow
70%
Who is the King of this land? King Vendrick
70%
What boss stops you from accessing the Shrine of Amana? Looking Glass Knight
70%
What boss has Izalith's soul? Lost Sinner / Forgotten Sinner
70%
** Who is their "father"? Manus, Father of the Abyss
70%
Who is the Queen to the King? Nashandra
70%
** How many pets does the Frozen King have? Seven
70%
How many NPCs can you gather in the main hub? Seven
70%
** What is the name of the Slumbering Dragon in the Poison City? Sinh, the Slumbering Dragon
70%
What boss has Seath's soul? The Duke's Dear Freja
70%
Where does the large hole in the main hub lead to? (Any of the places works) The Grave of Saints / The Gutter / Black Gulch
70%
Where does the boat in No Man's Wharf, and the Giant Bird from Cardinal Tower, take you? The Lost Bastille
70%
What boss has Nito's soul? The Rotten
70%
** How many confirmed siblings does the Queen have? Three
70%
List any one of the above. Throne Watcher / Throne Defender / Nashandra / Aldia
70%
Where do you find the King? Undead Crypt
70%
Who is the "Right-Hand Man" to the King? Velstadt, the Royal Aegis
70%
** List any of the three Aava / Lud / Zallen
60%
Where do you fight the Duke's Giant Spider? Brightstone Cove Tseldora
60%
** What special item do you get after each DLC, that you can give to the King in the base-game? (general item name) Crowns
60%
** How many non-summon allies can you have to assist the fight in the above? Four
60%
** What is the "Frozen Kingdom's" name? Frozen Eleum Loyce
60%
Where does the rotunda in the main hub lead to? (Either of the places works) Heide's Tower of Flame / Huntsman's Copse
60%
Where does the elevator at the top of Earthen Peak lead to? Iron Keep
60%
What item does the King give you? King's Ring
60%
What recurring boss appears in the Cathedral of Blue? (Not actually him) Old Dragonslayer / Dragonslayer Ornstein
60%
** Who is the former "Left Arm of the King"? Raime, Fume Knight
60%
** What is the "Poison City's" name? Shulva, Sanctum City
60%
What special action can the shield of the above do? (2 above) Summon NPCs / Summon other players to fight you
60%
Which NPC(s) can turn boss souls into weapons/spells? (Name either of them) Weaponsmith Ornifex / Straid of Olaphis
60%
What does the above item do? (what does it act as) Acts as an infinite homeward bone
50%
What item does the Fire Keeper give the player after getting past the Guardian Dragon boss? Aged Feather
50%
What item allows the player to respawn a defeated boss? Bonfire Ascetic
50%
** What is the "Iron Forge's" name? Brume Tower
50%
List one of the three areas the above connects to. Drangleic Castle / Shaded Ruins / Aldia's Keep
50%
Which enemy is afraid of torchlight in Scholar of the First Sin, edition? Ducal Spider
50%
** Name any one of the above. Elana / Nadalia / Alsanna
50%
What element does the above use? Lightning
50%
What boss has Gwyn's soul? Old Iron King
50%
** Who is at the very bottom of the Iron Forge? Raime, Fume Knight
50%
Where is the "Secondary Hub" of the game? Shaded Woods - Ruined Fork Road (Acts as a secondary hub as it leads to various different places, and you return to it multiple times)
50%
What item reduces non-lethal fall damage? (List one) Silvercat Ring / Jester Tights / Flying Feline Boots / Lion Warrior set / Red Lion Warrior Cape / Moon Butterfly Skirt and Wings / Sanctum Knight Leggings
50%
Who is the blacksmith who resides in the above? Steady Hand McDuff
50%
What can you give to the above? Armor / Clothes
40%
What rare item do you need to initially access the above? (2 above) Fragrant Branch of Yore
40%
** What trio lies at the end of the Cave of the Dead, in the Poison City? (either the meme name of the trio, or list any one of them) Gank Squad / Graverobber, Varg, Cerah
40%
Who deal, who wheel? Lonesome Gavlan
40%
** What do the above items do, after giving them to the King? Prevent hollowing upon death
40%
What can the above teach you? (2 above) Pyromancies
40%
What item limits the amount of max HP loss to 75%? Ring of Binding
40%
** Who is in the Memory of the Old Iron King? Sir Alonne
40%
Where is the Cardinal Tower located? The Forest of Fallen Giants
40%
What item is a guaranteed drop from non-boss Pusuers? Twinkling Titanite
40%
What is one of the names of the Sentinels in the above? (2 above) Alessia / Ricce / Yahim
30%
What item allows the player to access the memories of the dead? Ashen Mist Heart
30%
Who is the owner of the large mansion in the main hub? Cale the Cartographer
30%
What secret area is tucked away in the Duke's Giant Spider's arena, only accessible through a certain item? Dragon Memories
30%
Which NPC provides the player with climbable ladders? Laddersmith Gilligan
30%
Who is the merchant that sells boss armor in the main hub? Maughlin the Armourer
30%
Who is the merchant that sells infinite small lifegems? Merchant Hag Melentia
30%
Who does he fight? Mild-Mannered Pate
30%
Who do you use the item on in the above? Rosabeth of Melfia
30%
** What is below the Frozen Kingdom? (final boss area) The Old Chaos
30%
Who is the wielder of the Fake Moonlight Greatsword? Benhart of Jugo
20%
Who is the blacksmith who's house is initially locked, in the main hub? Blacksmith Lenigrast
20%
Who is the NPC you initially find locked in the Copse? Creighton the Wanderer
20%
What alternative way can the player get past the Shrine of Winter? Obtain 1,000,000 soul memory in the respective NG-cycle
20%
Which split-personality NPC asks you to assassinate 4 other NPCs? Royal Sorcerer Navlaan
20%
What item gets better after breaking? Santier's Spear
20%
** Who is the "hero" that slain the Slumbering Dragon? Sir Yorgh
20%
Who is the cat in the main hub of the game? Sweet Shalquoir
20%
Who is the crestfallen warrior in the main hub? Crestfallen Saulden
10%
Who is the NPC located in the Chapel of the Prowling Magus? Cromwell the Pardoner
10%
** What is the name of the legion that followed the "hero"? Drakeblood Knights
10%
Who is the merchant that sells boss armor in lava land? Magerold of Lanafir
10%
Which enemy from the cinematic trailer had a controversial redesign? Manikin
10%
What enemy runs and explodes? (ya-hoo! he's gonna blow u-) Rupturing Hollows / Exploding Hollows
0%
No matching quizzes found
Score Distribution
Percent of People with Each Score
Percentile by Number Answered
Your Score History
You have not taken this quiz